Les équipes battues par le FC Metz depuis la saison 2014-15 - Statistiques

Statistiques générales
  • Ce quiz a été pris 172 fois
    50 depuis la dernière actualisation
  • Le résultat moyen est 37 sur 59
Statistiques - réponses
Victoires Clubs % Correct
1 OM
100%
2 Lille
98%
1 Rennes
98%
7 Saint-Etienne
98%
2 AS Nancy
95%
2 Bordeaux
95%
3 Lyon
95%
6 Nantes
95%
6 RC Lens
95%
5 Stade de Reims
95%
1 Toulouse
95%
1 Toulouse
95%
7 Paris FC
90%
2 AS Monaco
88%
4 Lorient
88%
4 Nice
88%
2 Strasbourg
88%
3 Bastia
83%
4 Brest
83%
4 Montpellier
83%
4 AC Ajaccio
80%
2 GFC Ajaccio
80%
1 Le Havre
80%
3 Angers
78%
2 Caen
78%
4 Grenoble
78%
4 Clermont
75%
6 Amiens
73%
4 Nimes
73%
3 Dijon
70%
4 Red Star
70%
2 Troyes
70%
4 Dunkerque
68%
2 Guingamp
68%
4 Sochaux
68%
2 Annecy
63%
2 Evian Thonon Gaillard
63%
2 Rodez
60%
2 Laval
58%
2 Laval
58%
1 Pau
58%
1 Tours
58%
5 Valenciennes
55%
2 Orleans
53%
4 Niort
48%
2 Martigues
33%
2 Chateauroux
30%
2 Quevilly Rouen
30%
2 Bourg-en-Bresse
28%
2 Créteil
25%
2 Epinal
25%
2 Béziers
18%
1 Biesheim
13%
1 Obernai
10%
2 Raon l'étape
10%
1 Avranches
8%
1 Oissel
3%
1 Montceau
0%
1 Saint-Quentin
0%
Aucun quiz correspondant
Distribution des résultats
% des personnes avec chaque résultat
Percentile par nombre de réponses
Votre historique - résultats
Vous n’avez pas pris ce quiz depuis la dernière actualisation